| 000 | 00000nam##2200000za#4500 |
| 001 | 9.603424 |
| 003 | CaOODSP |
| 005 | 20210624211052 |
| 007 | cr ||||||||||| |
| 008 | 150406|2001||||xxc|||||o f|0| 0 fre|d |
| 040 | |aCaOODSP|bfre |
| 043 | |an-cn--- |
| 086 | 1 |aJS42-95/2001F-PDF |
| 110 | 1 |aCanada. |bSolliciteur général Canada. |
| 245 | 14|aUne analyse de rentabilité du processus holistique de guérison de la Première nation de Hollow Water / |h[ressource électronique]|cauteur: Native Counselling Services of Alberta, Joe Couture ... [et al.] |
| 260 | |aOttawa - Ontario : |bSolliciteur général Canada |c2001. |
| 300 | |a169p.|bill., références, tableaux |
| 490 | 1 |aCollection sur les Autochtones|vAPC 20 CA (2001) |
| 500 | |a«Contrairement aux deux systèmes principaux (services juridiques, familiaux/sociaux), le processus holistique touche les victimes, les agresseurs et leur famille respective; il établit un équilibre spirituel, physique, émotif et intellectuel dont toute la collectivité de Hollow Water tire profit.»--Page v, Description du Programme. |
| 500 | |aLe n° de catalogue (JS42-95/2001F) et l'ISBN (0-662-85610-4) de l'édition imprimée ont été incorrectement copiés dans la version PDF. |
| 590 | |a12-04-Supp|b2012-02-20 |
| 691 | 07|aSystème judiciaire|2gcpds |
| 691 | 07|aDroits des autochtones|2gcpds |
| 720 | 1 |aCouture, Joe |
| 775 | 08|tA cost-benefit analysis of Hollow Water's Community Holistic Circle Healing process / |w(CaOODSP)9.573214 |
| 776 | 0#|tUne analyse de rentabilité du Processus holistique de guérison de la Première nation de Hollow Water / |w(CaOODSP)9.625586 |
| 830 | #0|aCollection sur les autochtones ;|vAPC 20 CA (2001)|w(CaOODSP)9.501991 |
| 856 | 40|ahttp://publications.gc.ca|qPDF|s2180 Ko|uhttps://publications.gc.ca/collections/collection_2012/sp-ps/JS42-95-2001-fra.pdf|yAPC 20 CA (2001) |